| 000 | 00602nam a22002057a 4500 | ||
|---|---|---|---|
| 003 | 0 | ||
| 005 | 20231120134956.0 | ||
| 008 | 231120b xxu||||| |||| 00| 0 eng d | ||
| 020 | _a978-621-409-186-7 | ||
| 050 |
_aBF 199 _b.F73 2022 |
||
| 100 | _aFrando, Milagros F. | ||
| 245 |
_aUnderstanding the self _cMilagros F. Frando |
||
| 250 | _aSecond edition | ||
| 260 |
_aMandaluyong City _bBooks Atbp. Publishing Corp. _cc2022. |
||
| 300 |
_ax, 258 pages ; _c23 cm. |
||
| 504 | _aIncludes bibliographical references. | ||
| 650 | _aPsychology. | ||
| 650 | _aHuman behavior. | ||
| 942 |
_2lcc _cBK |
||
| 999 |
_c365656 _d365656 |
||